Vzostup peňazí finančné dejiny sveta

Saved in:
Bibliographic Details
Main Author: Ferguson, Niall
Other Authors: Šebesta, Juraj
Format: Book
Language:Slovak
Published: Bratislava Kalligram 2011
Subjects:
Tags: Add Tag
No Tags, Be the first to tag this record!

MARC

LEADER 00000nam a2200000 4500
001 0143519
005 20240314080345.2
020 |a 978-80-8101-456-7 
041 0 |a slo 
044 |a SK 
245 1 0 |a Vzostup peňazí  |b finančné dejiny sveta  |c Niall Ferguson ; preložil: Juraj Šebesta 
264 1 |a Bratislava  |b Kalligram  |c 2011 
300 |a 492 s. 
610 2 0 |a peniaze 
610 2 0 |a vývoj 
610 2 0 |a história 
610 2 0 |a financie 
610 2 0 |a dejiny 
610 2 0 |a banky 
610 2 0 |a kríza finančná 
610 2 0 |a kríza hospodárska 
100 1 |a Ferguson, Niall 
700 1 |a Šebesta, Juraj